La pensé et le mouvant. (Registro nro. 310003)

Detalles MARC
000 -ENCABEZADO
Número de control [NR] 01792nam a2200289Ia 4500
005 - FECHA Y HORA DE LA ÚLTIMA TRANSACCIÓN
control field 20180601135042.0
008 - DE LONGITUD FIJA DE DATOS DE ELEMENTOS - INFORMACIÓN GENERAL
Elementos de longitud fija [NR] 130821s1934 fr fr 1 fre
040 ## - FUENTE DE CATALOGACION [NR]
Agencia de catalogación original [NR] Co-BoUCM
Idioma de catalogación [NR] spa
Quien Cataloga Sandra Yazo
Quien Clasifica Sandra Yazo
041 0# - CODIGO DE IDIOMA [R]
Código de idioma para texto/pista de sonido o título separado [R] Francés
082 04 - NUMERO DE CLASIFICACION DECIMAL DEWEY [R]
Número de clasificación [R] 346.44
Número de la edición [NR] 20
092 ## - SIGNATURA TOPOGRAFICA LOCAL
Número de clasificación local E46N066
100 1# - ASIENTO PRINCIPAL--NOMBRE PERSONAL [NR]
Nombre personal [NR] Bergson, Henri-Louis
ID Autoridad 1129
Fechas asociadas con el nombre [NR] 1859-1941
242 03 - TRADUCCION DEL TITULO POR LA AGENCIA CATALOGADORA [R]
Título [NR] El pensamiento y lo que está en movimiento
Parte restante del título [NR] Ensayos y conferencias
Mención de responsabilidad, etc. [NR] por Henri Bergson
Código de idioma del título traducido [NR] spa
245 13 - MENCION DE TITULO [NR]
Título [NR] La pensé et le mouvant.
Parte restante del título [NR] Essais et conférences
Mención de responsabilidad, etc. [NR] par Henri Bergson
250 ## - MENCION DE EDICION [NR]
Mención de edición [NR] Cinquième édition [Quinta edición]
260 ## - PUBLICACION, DISTRIBUCION, ETC. (PIE DE IMPRENTA) [R]
Lugar de publicación, distribución, etc. [R] París (Francia)
Nombre del editor, distribuidor, etc. [R] Librairie Félix Alcan ; Imprimerie Durand [Librería Félix Alcan ; Imprenta Durand]
Fecha de publicación, distribución, etc. [R] 1934
300 ## - DESCRIPCION FISICA [R]
Extensión [R] 322 páginas
Dimensiones [R] 21 x 14 cm.
500 ## - NOTA GENERAL [R]
Nota general [NR] Detalles físicos: Encuadernación rígida (holandesa) en cartón duro forrado en papel jaspeado. Lomo de tela texturizada con adornos en dorado. Guardas. Hoja de cortesía. Anteportada. Portada impresa en una sola tinta. Texto impreso en una sola columna, con diferentes tipos y tamaños de letra. Márgenes amplios. Notas de pie de página. Índice. Tapas con bordes deteriorados
505 0# - NOTA DE CONTENIDO CON FORMATO PREESTABLECIDO [R]
Nota de contenido con formato preestablecido [NR] Introducción ; Parte 1: el acrecentamiento de la verdad ; Movimiento retrógrado de lo verdadero ; Parte 2: Planteamiento del problema ; Lo posible y lo real ; La intuición filosófica ; La percepción del cambio ; Introducción a la metafísica ; La filosofía de Claude Bernard ; Acerca del pragmatismo de William James ; Verdad y realidad ; Vida y obra de Ravaisson
506 ## - NOTA DE RESTRICCIONES DE ACCESO [R]
Condiciones de acceso [NR] Consulta en sala
546 ## - NOTA DE IDIOMA [R]
Nota de idioma [NR] Texto en francés
650 #7 - ASIENTO SECUNDARIO DE MATERIA - TERMINO TEMATICO [R]
Término temático o nombre geográfico como elemento de entrada [NR] Teoría del derecho
9 (RLIN) 25308
650 #7 - ASIENTO SECUNDARIO DE MATERIA - TERMINO TEMATICO [R]
Término temático o nombre geográfico como elemento de entrada [NR] Derecho y ética
9 (RLIN) 12843
650 #7 - ASIENTO SECUNDARIO DE MATERIA - TERMINO TEMATICO [R]
Término temático o nombre geográfico como elemento de entrada [NR] Vitalismo
9 (RLIN) 26329
690 ## - ASUNTO AGREGADO LOCAL DE ENTRADA - TÉRMINO TEMÁTICO (OCLC, RLIN)
Acceso temático local Derecho
9 (RLIN) 7494
942 ## - ELEMENTOS DE ENTRADA AGREGADOS (KOHA)
Tipo de ítem principal el descrito en 300a Libro
Edición 5
Sistema de clasificación LOCAL
Clasificación E46N066
Existencias
Suprimido Perdido Sistema de clasificación Dañado No prestable Tipo de ítem específico Ubicación habitual Ubicación actual Localización Fecha de creación Forma de adquisición Costo Total préstamos Signatura topográfica Código de barras Última vez visto Ejemplar Price effective from Tipo de ítem
    LOCAL     Libro archivo Archivo Histórico Archivo Histórico Archivo histórico 01/06/2018 Donación 0.00   E46N066 L006624 01/06/2018 Ej.1 01/06/2018 Libro